000 00293nam a22001337a 4500
008 170926b xxu||||| |||| 00| 0 eng d
020 _a9780787901301
041 _aeng
080 _a37
100 _a46
101 _aEDU
245 _aEDUCATING A NEW MAJORITY
_cRENDON,L.I
942 _2udc
_cBK
999 _c29802
_d29802